Vývoj hromadnej osobnej dopravy
Vývoj výkonov hromadnej osobnej dopravy v SR. Porovnanie vývoja výkonov hromadnej osobnej dopravy v SR s členskými krajinami EÚ.
Na minha lista:
| Autor principal: | |
|---|---|
| Formato: | Capítulo de Livro |
| Idioma: | eslovaco |
| Assuntos: | |
| Tags: |
Sem tags, seja o primeiro a adicionar uma tag!
|
MARC
| LEADER | 00000naa$a2200000$$$4500 | ||
|---|---|---|---|
| 001 | 0083861 | ||
| 005 | 20230825090243.7 | ||
| 041 | 0 | |a slo | |
| 044 | |a SK | ||
| 245 | 1 | 0 | |a Vývoj hromadnej osobnej dopravy |c Miloš Poliak |
| 520 | |a Vývoj výkonov hromadnej osobnej dopravy v SR. Porovnanie vývoja výkonov hromadnej osobnej dopravy v SR s členskými krajinami EÚ. | ||
| 610 | 2 | 0 | |a doprava hromadná |
| 610 | 2 | 0 | |a doprava osobná |
| 610 | 2 | 0 | |a preprava |
| 610 | 2 | 0 | |a Slovensko |
| 610 | 2 | 0 | |a Európska únia |
| 100 | 1 | |a Poliak, Miloš | |